Study on gastrointestinal parasites in cattle at kring chek commune, oudong district, kampong speu province; ការសិក្សាពីបរាសិតនៅក្នុងក្រពះពោះវៀនគោ នៅឃុំក្រាំងចេក ស្រុកឧដុង្គ ខេត្តកំពង់ស្ពឺ (Record no. 10875)
[ view plain ]
| 000 -LEADER | |
|---|---|
| fixed length control field | 00734nam a22001577a 4500 |
| 003 - CONTROL NUMBER IDENTIFIER | |
| control field | OSt |
| 005 - DATE AND TIME OF LATEST TRANSACTION | |
| control field | 20161123134001.0 |
| 008 - FIXED-LENGTH DATA ELEMENTS--GENERAL INFORMATION | |
| fixed length control field | 161123b xxu||||| |||| 00| 0 eng d |
| 040 ## - CATALOGING SOURCE | |
| Transcribing agency | RUA |
| 082 ## - DEWEY DECIMAL CLASSIFICATION NUMBER | |
| Classification number | VEM MON 2015 B533 Or.1 |
| 100 ## - MAIN ENTRY--PERSONAL NAME | |
| 9 (RLIN) | 11311 |
| Personal name | MON RAKSME; ម៉ុន រស្មី |
| 245 ## - TITLE STATEMENT | |
| Title | Study on gastrointestinal parasites in cattle at kring chek commune, oudong district, kampong speu province; ការសិក្សាពីបរាសិតនៅក្នុងក្រពះពោះវៀនគោ នៅឃុំក្រាំងចេក ស្រុកឧដុង្គ ខេត្តកំពង់ស្ពឺ |
| 260 ## - PUBLICATION, DISTRIBUTION, ETC. (IMPRINT) | |
| Place of publication, distribution, etc. | PHNOM PENH |
| Name of publisher, distributor, etc. | MON |
| Date of publication, distribution, etc. | 2015 |
| 300 ## - PHYSICAL DESCRIPTION | |
| Extent | ix;44p. |
| Other physical details | ill. |
| Dimensions | 29cm. |
| 942 ## - ADDED ENTRY ELEMENTS (KOHA) | |
| Source of classification or shelving scheme | |
| Koha item type | VEM |
| Price effective from | Date last seen | Permanent Location | Not for loan | Date acquired | Source of classification or shelving scheme | Koha item type | Lost status | Withdrawn status | Date last checked out | Total Checkouts | Shelving location | Damaged status | Barcode | Current Location | Full call number |
|---|---|---|---|---|---|---|---|---|---|---|---|---|---|---|---|
| 2016-11-23 | 2016-11-23 | Library Block B | 2016-11-23 | VEM | B533 | A04260 | Library Block B | VEM MON 2015 B533 Or.1 | |||||||
| 2016-11-23 | 2016-11-23 | Library Block B | 2016-11-23 | VEM | B533 | A03327 | Library Block B | VEM MON 2015 B533 Or.2 | |||||||
| 2016-11-23 | 2016-11-23 | Library Block B | 2016-11-23 | VEM | B533 | A04149 | Library Block B | VEM MON 2015 B533 Or.3 | |||||||
| 2016-11-23 | 2016-11-23 | Library Block B | 2016-11-23 | VEM | B533 | A04162 | Library Block B | VEM MON 2015 B533 Or.4 | |||||||
| 2016-11-23 | 2019-12-06 | Library Block B | 2016-11-23 | VEM | 2019-11-25 | 2 | B533 | A04170 | Library Block B | VEM MON 2015 B533 Or.5 | |||||
| 2016-11-23 | 2016-11-23 | Library Block B | 2016-11-23 | VEM | B533 | A03343 | Library Block B | VEM MON 2015 B533 Or.6 | |||||||
| 2016-11-23 | 2016-11-23 | Library Block B | 2016-11-23 | VEM | B533 | A03466 | Library Block B | VEM MON 2015 B533 Or.7 | |||||||
| 2016-11-23 | 2020-01-08 | Library Block B | 2016-11-23 | VEM | 2019-12-02 | 2 | B533 | A03009 | Library Block B | VEM MON 2015 B533 Or.8 |